=LDR 00000nam 2200000 4500 =001 INLIS000000000033290 =005 20130612135244 =008 ***********************************ind** =035 ##$$0010-061300000033290 =041 ##$$a ind =082 ##$$a 174.4 =090 ##$$a 174.4, Kas e =100 ##$$a Kasmir =245 ##$$a Etika Costemer Service, Kasmir =260 ##$$a 2008 $b Jakarta =300 ##$$a xiv,204 hlm, 21 cm =650 ##$$a Etika Bisnis =850 ##$$a NBPNMAT